| 000 | 01141nam a2200337Ia 4500 | ||
|---|---|---|---|
| 001 | dia_4845 | ||
| 003 | CHAP | ||
| 005 | 20230720131121.0 | ||
| 008 | 220117s2000 xx 000 0 und d | ||
| 010 | _a175648 | ||
| 020 | _a84-200-0913-X | ||
| 040 | _cCHAP | ||
| 082 | _a373.6 L56 2000 | ||
| 245 |
_aLimpieza y desinfección en la industria alimentaria / _c coordinación Gerhard Wildbertt ; traducción Jaime Esaín Escobar |
||
| 260 |
_aEspaña : _b Acribia, _c2000 |
||
| 300 | _axvi, 349 p. | ||
| 500 | _aTítulo original : Reinigung und Desinfektion in der Lebensmittelindustrie | ||
| 503 | _aI. 228704 | ||
| 504 | _aIncluye bibliografías | ||
| 590 | _aTP373.6 L56 2000 | ||
| 650 |
_aCleaning in place _9156866 |
||
| 650 |
_aFeed industry _xSanitation _9156867 |
||
| 650 |
_aIndustria alimentaria _xSaneamiento _9156868 |
||
| 650 |
_aLimpieza en el lugar _9156869 |
||
| 700 |
_aEsaín Escobar, Jaime, tr. _9138346 |
||
| 700 |
_aWildbrett, Gerhard, coord. _9156870 |
||
| 901 | _a373.6 L56 2000 | ||
| 902 | _aM | ||
| 905 | _a5232272000 sp am 8222223322spa16 | ||
| 942 |
_cLIBRO _2ddc |
||
| 999 |
_c175648 _d175648 |
||